| 000 | 01192nam a2200325 c 4500 | ||
|---|---|---|---|
| 003 | BLK | ||
| 005 | 20190208113850.0 | ||
| 008 | 180408b bul|||||r ||||||| ||bul|| | ||
| 010 | _aKNG00094153000 | ||
| 020 |
_a978-954-769-227-5 _bиздат.: Обсидиан |
||
| 040 | _aBLK | ||
| 041 |
_aBUL _cBUL |
||
| 080 |
_aАмериканска литература (на САЩ) _b821.111(73) _x-312.4 _z821.111(73)-312.4 |
||
| 100 | 1 |
_aРийс, Боб _eпърви автор _9292233 |
|
| 700 | 1 |
_aЛаптев, Веселин _eпрев. от англ. _9364791 |
|
| 139 |
_aРийс, Боб _bР 60 |
||
| 245 | 1 | 0 |
_aБразилска лотария _bРоман _cБоб Рийс; прев. от англ. Веселин Лаптев. |
| 257 | _aUSA | ||
| 260 |
_аСофия _bОбсидиан _c2010 _fСофия : ПК Д. Благоев |
||
| 300 |
_a336 с. _c20 см |
||
| 380 | _aX | ||
| 500 | _aОриг. загл. Animal Game / Bob Reiss. - Офс. изд. | ||
| 653 | _aтрилъри | ||
| 653 | _aромани | ||
| 852 | _aЦб 247042 | ||
| 856 | 4 |
_qpdf _u |
|
| 856 | 4 |
_qpdf _u |
|
| 942 |
_cKNG _n0 _018 |
||
| 944 |
_aCR _c08.02.2010 _lф / _kЛюдмила_Стоянова |
||
| 944 |
_aED _c20.06.2014 _lф / _k |
||
| 999 |
_c89453 _d89453 |
||